000
00330nam a22001457a 4500
020
_a
81-8423-155-5
082
_a
894.812.3
_b
MAH/C
100
_a
MAH, ADALIN YEN
245
_a
CHAINAYILE SINDRELLA
260
_a
GREEN BOOKS PRIVTE LIMITED
_b
GREEN BOOKS
_c
2009
300
_a
167
520
_a
NOVEL
650
_a
NOVEL
942
_c
BK
999
_c
4965
_d
4965